Breve historia de la cultura

Պահպանված է:
Մատենագիտական մանրամասներ
Հիմնական հեղինակ: Gombrich, Ernst Hans (autor)
Ձևաչափ: Գիրք
Լեզու:իսպաներեն
Հրապարակվել է: Barcelona Península 2014
Հրատարակություն:1a. ed
Շարք:Península Atalaya
Խորագրեր:
Ցուցիչներ: Ավելացրեք ցուցիչ
Չկան պիտակներ, Եղեք առաջինը, ով նշում է այս գրառումը!

MARC

LEADER 00000cam a2200000 a 4500
001 UCC4024
003 CL-VaPUC
008 180629e20140100sp |||||||||||||||||spa|d
020 |a 9788499422817 
082 0 4 |a 700.9  |b MAN  |2 21 
100 |a Gombrich, Ernst Hans  |e autor  |9 598146 
245 1 0 |a Breve historia de la cultura 
250 |a 1a. ed 
300 |a 207 p 
942 |c BK 
945 |d 20180629 12:42:00  |a arojas 
260 |a Barcelona  |b Península  |c 2014 
650 0 |a Historia del arte  |9 314877 
650 0 |a Historia cultural  |9 353068 
650 7 |a HEGELIANISMO  |2 CL-VaPUC  |9 335839 
650 0 |a Estética   |9 264950 
583 |a last modification  |c 20180629 12:42:00  |k Rodrigo Vera 
490 0 |a Península Atalaya 
999 |c 371636  |d 371634 
952 |0 0  |1 0  |3 erb  |4 0  |6 700_900000000000000_MAN_2014  |7 0  |8 A  |9 488700  |a BIBART  |b BIBART  |i 5477913  |o 700.9 MAN 2014  |p 5477913  |r 2025-03-13  |w 2019-11-24  |y BK  |z Catalogado en:20180629  |k ART